[Event "SWE-chT 1920 Superettan"]
[Site "Sweden"]
[Date "2020.10.16"]
[Round "7"]
[White "Larsson, Anders"]
[Black "Troberg Eskola, Love"]
[Result "1-0"]
[WhiteElo "2196"]
[BlackElo "2143"]
[PlyCount "89"]
[EventDate "2019.10.18"]
[EventType "team-tourn"]
[EventRounds "9"]
[EventCountry "SWE"]
[SourceTitle "EXT 2023"]
[Source "ChessBase"]
[SourceDate "2022.10.05"]
[SourceVersion "1"]
[SourceVersionDate "2022.10.05"]
[SourceQuality "1"]
[WhiteTeam "Kungstornet"]
[BlackTeam "Orgryte"]
[WhiteTeamCountry "SWE"]
[BlackTeamCountry "SWE"]

1. d4 d5 2. c4 dxc4 3. Nf3 Nf6 4. e3 b5 5. a4 b4 6. Bxc4 e6 7. 0-0 Bb7 8. b3 Nbd7 9. Bb2 c5 10. Nbd2 Be7 11. Re1 0-0 12. Rc1 Qb6 13. Bd3 a6 14. Nc4 Qa7 15. Na5 Rfd8 16. Nxb7 Qxb7 17. Qe2 Ne4 18. Nd2 Nxd2 19. Qxd2 cxd4 20. exd4 Nf6 21. Qe2 a5 22. Rc4 Qd7 23. Rec1 Nd5 24. Qc2 g6 25. Bf1 Bg5 26. Re1 Rac8 27. g3 Nb6 28. Rc5 Be7 29. Ba6 Rxc5 30. dxc5 Qc6 31. Rc1 Nxa4 32. bxa4 Qxa6 33. c6 Rc8 34. Qe4 Kf8 35. Qd4 f6 36. Qd7 e5 37. c7 Kf7 38. Rc6 Qb7 39. h4 h5 40. Re6 Re8 41. c8Q Qxc8 42. Rxe7+ Kf8 43. Rf7+ Kg8 44. Rg7+ Kh8 45. Rh7+ 1-0

[Event "Gothenburg Kvibergspelen 09"]
[Site "Gothenburg"]
[Date "2019.09.27"]
[Round "2"]
[White "Troberg Eskola, Love"]
[Black "Golubka, Petr"]
[Result "0-1"]
[WhiteElo "2143"]
[BlackElo "2479"]
[PlyCount "84"]
[EventDate "2019.09.27"]
[EventType "swiss"]
[EventRounds "8"]
[EventCountry "SWE"]
[SourceTitle "EXT 2020"]
[Source "ChessBase"]
[SourceDate "2019.10.17"]
[SourceVersion "1"]
[SourceVersionDate "2019.10.17"]
[SourceQuality "1"]

1. e4 c6 2. Nc3 d5 3. Nf3 a6 4. h3 g6 5. d4 dxe4 6. Nxe4 Bg7 7. Bf4 Bf5 8. Qe2 Bxe4 9. Qxe4 Nf6 10. Qd3 Nd5 11. Bd2 Nd7 12. c4 N5f6 13. Be2 0-0 14. 0-0 Qc7 15. Rfe1 Rad8 16. Bf1 Rfe8 17. Qa3 e5 18. Ba5 b6 19. dxe5 Nxe5 20. Rxe5 Rxe5 21. Bxb6 Qxb6 22. Nxe5 Ne4 23. c5 Nxc5 24. Nc4 Qa7 25. Rc1 Ne4 26. Qe3 Qxe3 27. Nxe3 c5 28. b3 a5 29. Nc4 Bd4 30. Rc2 Ra8 31. Bd3 Nf6 32. Re2 Kf8 33. g4 Ra7 34. Nd6 Rd7 35. Nc4 Nd5 36. Re4 Nc3 37. Re1 Nxa2 38. Re2 Nc1 39. Rd2 Nxd3 40. Rxd3 Bxf2+ 41. Kxf2 Rxd3 42. Nxa5 Rxh3 0-1

[Event "Gothenburg op"]
[Site "Gothenburg"]
[Date "2019.08.18"]
[Round "8"]
[White "Nilsson, Joakim"]
[Black "Troberg Eskola, Love"]
[Result "1/2-1/2"]
[WhiteElo "2319"]
[BlackElo "2134"]
[PlyCount "71"]
[EventDate "2019.08.16"]
[EventType "swiss"]
[EventRounds "8"]
[EventCountry "SWE"]
[SourceTitle "CBM 191 Extra"]
[Source "ChessBase"]
[SourceDate "2019.09.30"]
[SourceVersion "1"]
[SourceVersionDate "2019.09.30"]
[SourceQuality "1"]

1. d4 d5 2. Nf3 Nf6 3. g3 g6 4. Bg2 Bg7 5. 0-0 0-0 6. c4 c6 7. cxd5 cxd5 8. Ne5 e6 9. Nc3 Nfd7 10. Nxd7 Qxd7 11. b3 Nc6 12. e3 b6 13. Ba3 Rd8 14. Qe2 a5 15. Rfc1 Ba6 16. Qd1 Rdc8 17. Na4 Qb7 18. Qd2 Na7 19. Rxc8+ Rxc8 20. Rc1 Rxc1+ 21. Qxc1 Bf6 22. h4 h5 23. Bd6 Bd8 24. e4 Nc8 25. Be5 f6 26. Qh6 Qg7 27. Qxg7+ Kxg7 28. Bf4 dxe4 29. Bxe4 Ne7 30. Bb8 Bb5 31. Nc3 Bc6 32. Bd3 Bf3 33. Bc4 Nc6 34. Bf4 Nxd4 35. Be3 Nf5 36. Bxe6 1/2-1/2

[Event "Deltalift op"]
[Site "Tylosand"]
[Date "2019.05.31"]
[Round "6"]
[White "Troberg Eskola, Love"]
[Black "Ziegler, Ari"]
[Result "0-1"]
[WhiteElo "2134"]
[BlackElo "2300"]
[PlyCount "106"]
[EventDate "2019.05.30"]
[EventType "swiss"]
[EventRounds "8"]
[EventCountry "SWE"]
[SourceTitle "CBM 190 Extra"]
[Source "ChessBase"]
[SourceDate "2019.07.15"]
[SourceVersion "1"]
[SourceVersionDate "2019.07.15"]
[SourceQuality "1"]

1. e4 c5 2. Nf3 d6 3. Bb5+ Nc6 4. Bxc6+ bxc6 5. d3 e5 6. 0-0 Nf6 7. h3 Be7 8. Nbd2 g5 9. Nxg5 Rg8 10. h4 h6 11. Ngf3 Bg4 12. g3 Bh3 13. Re1 Ng4 14. Nf1 Qd7 15. Rb1 0-0-0 16. c4 f5 17. Qa4 Bxf1 18. Rxf1 Kb8 19. b4 cxb4 20. Rxb4+ Ka8 21. exf5 Rc8 22. Qa6 Rc7 23. Nh2 Nxh2 24. Kxh2 Qxf5 25. Be3 c5 26. Rb3 Qf3 27. Rg1 h5 28. Qa5 Qc6 29. Rgb1 Bxh4 30. Qb5 Qxb5 31. Rxb5 Bf6 32. f3 Rcg7 33. Bf2 Bg5 34. Kh3 Rf7 35. Kg2 Rgf8 36. Be1 Rxf3 37. Rb8+ Rxb8 38. Rxb8+ Kxb8 39. Kxf3 Kc7 40. Ke4 Kc6 41. Kf5 Bc1 42. Kg6 d5 43. cxd5+ Kxd5 44. Bf2 Ba3 45. Kxh5 e4 46. dxe4+ Kxe4 47. Be1 Kd3 48. g4 c4 49. g5 c3 50. Bxc3 Kxc3 51. Kg6 Kb2 52. Kf7 Kxa2 53. g6 Bb2 0-1

[Event "SWE Cup rapid"]
[Site "Linkoping"]
[Date "2018.09.08"]
[Round "5.4"]
[White "Troberg Eskola, Love"]
[Black "Emmoth, Benjamin"]
[Result "1-0"]
[WhiteElo "2013"]
[BlackElo "1662"]
[PlyCount "137"]
[EventDate "2018.09.07"]
[EventType "team-swiss (rapid)"]
[EventRounds "9"]
[EventCountry "SWE"]
[SourceTitle "CBM 186 Extra"]
[Source "ChessBase"]
[SourceDate "2018.08.24"]
[SourceVersion "1"]
[SourceVersionDate "2018.08.24"]
[SourceQuality "1"]
[WhiteTeam "Orgryte"]
[BlackTeam "Vasteras"]
[WhiteTeamCountry "SWE"]
[BlackTeamCountry "SWE"]

1. e4 c5 2. Nf3 Nc6 3. Bb5 g6 4. 0-0 Bg7 5. Re1 d6 6. e5 Qc7 7. exd6 Qxd6 8. Nc3 Nf6 9. Ne5 Bd7 10. Nxd7 Qxd7 11. Bf1 0-0 12. d3 e6 13. Bd2 a6 14. Na4 Qd6 15. Nb6 Rad8 16. a4 Nd5 17. Nc4 Qc7 18. a5 Ne5 19. Ne3 Nxe3 20. fxe3 Nc6 21. Qc1 Rc8 22. Ra4 Ne5 23. Bc3 h5 24. Qd2 Ng4 25. g3 Qd7 26. Ra3 Ne5 27. Bg2 Nc6 28. Rf1 Bxc3 29. Qxc3 Ne7 30. Qe5 Qc7 31. Qg5 c4 32. dxc4 Qxc4 33. Qxe7 Rc7 34. Qf6 Qxc2 35. Rc3 Rxc3 36. Qxc3 Rc8 37. Qxc2 Rxc2 38. b4 Rb2 39. Rf4 Re2 40. Bxb7 Rxe3 41. Bxa6 e5 42. Rf1 Rb3 43. Bc4 Rxb4 44. Bxf7+ Kg7 45. Be8 Rb7 46. Rf7+ Rxf7 47. Bxf7 Kxf7 48. a6 e4 49. a7 e3 50. a8Q e2 51. Qf3+ Kg7 52. Qxe2 Kh6 53. Qe7 g5 54. Qf6+ Kh7 55. Qxg5 h4 56. Qxh4+ Kg6 57. g4 Kf7 58. g5 Kg7 59. Qh6+ Kg8 60. Qg6+ Kh8 61. Qf6+ Kg8 62. Qe7 Kh8 63. g6 Kg8 64. Kg2 Kh8 65. Kg3 Kg8 66. Kg4 Kh8 67. Kg5 Kg8 68. Kh6 Kh8 69. Qg7# 1-0

[Event "Deltalift op"]
[Site "Tylosand"]
[Date "2018.05.12"]
[Round "7"]
[White "Troberg Eskola, Love"]
[Black "Ivarsson, Torbjorn"]
[Result "0-1"]
[WhiteElo "1993"]
[BlackElo "2153"]
[PlyCount "134"]
[EventDate "2018.05.10"]
[EventType "swiss"]
[EventRounds "8"]
[EventCountry "SWE"]
[SourceTitle "CBM 184 Extra"]
[Source "ChessBase"]
[SourceDate "2018.06.28"]
[SourceVersion "1"]
[SourceVersionDate "2018.06.28"]
[SourceQuality "1"]

1. e4 e6 2. d4 d5 3. exd5 exd5 4. Nc3 c6 5. Bd3 Bd6 6. Nge2 Bg4 7. f3 Bh5 8. Bf4 Ne7 9. Qd2 Bg6 10. 0-0-0 Bxd3 11. Qxd3 Qc7 12. Qd2 Nd7 13. Bxd6 Qxd6 14. Qf4 Qxf4+ 15. Nxf4 0-0 16. g4 Rae8 17. h4 Ng6 18. Ng2 Ne7 19. h5 Nc8 20. Rde1 Nd6 21. a4 h6 22. Nf4 Nf6 23. Nd3 Kh7 24. Ne5 Re7 25. Nd1 Rfe8 26. b3 Nd7 27. Nd3 g6 28. Reg1 g5 29. Re1 f5 30. Rxe7+ Rxe7 31. N1f2 fxg4 32. Nxg4 Nf5 33. Nde5 Kg7 34. c3 Nf6 35. Rh3 Rc7 36. Kd2 Re7 37. a5 a6 38. b4 Nd6 39. Ne3 Nd7 40. Ng6 Re8 41. Kd3 Nf8 42. Ne5 Ne6 43. Kd2 Nf4 44. Rh1 Rf8 45. Nd7 Re8 46. Ne5 Re6 47. Rh2 Kf8 48. Ng2 Nc4+ 49. Nxc4 Re2+ 50. Kc1 dxc4 51. Nxf4 Rxh2 52. Ne6+ Ke7 53. Nc5 Rf2 54. Nxb7 Rxf3 55. Kb2 g4 56. d5 cxd5 57. b5 axb5 58. a6 g3 59. Nd8 Rf8 60. Nc6+ Kd6 61. a7 Kxc6 62. Ka3 Kc5 63. Kb2 g2 64. a8Q Rxa8 65. Kc2 Ra2+ 66. Kb1 Rf2 67. Ka1 g1Q# 0-1

[Event "Deltalift op"]
[Site "Tylosand"]
[Date "2018.05.11"]
[Round "6"]
[White "Troberg Eskola, Love"]
[Black "Lindborg, Patrik"]
[Result "1/2-1/2"]
[WhiteElo "1993"]
[BlackElo "2172"]
[PlyCount "73"]
[EventDate "2018.05.10"]
[EventType "swiss"]
[EventRounds "8"]
[EventCountry "SWE"]
[SourceTitle "CBM 184 Extra"]
[Source "ChessBase"]
[SourceDate "2018.06.28"]
[SourceVersion "1"]
[SourceVersionDate "2018.06.28"]
[SourceQuality "1"]

1. d4 Nf6 2. c4 g6 3. Nc3 Bg7 4. e4 d6 5. Nf3 0-0 6. Be2 Bg4 7. 0-0 Nfd7 8. Be3 c5 9. d5 Na6 10. h3 Bxf3 11. Bxf3 Nc7 12. a4 e6 13. Be2 exd5 14. cxd5 a6 15. Qc2 Re8 16. Rab1 Qe7 17. Bd3 b5 18. axb5 axb5 19. Nxb5 Nxb5 20. Bxb5 Reb8 21. Bxd7 Qxd7 22. Bd2 Ra2 23. Bc3 Bxc3 24. Qxc3 Qb5 25. e5 dxe5 26. Qxe5 Rxb2 27. Rxb2 Qxb2 28. Qe7 Qd4 29. d6 Kg7 30. d7 c4 31. Qe8 Qd6 32. Qc8 h5 33. h4 Kh7 34. Qe8 Kg7 35. Qc8 Kh7 36. Qe8 Kg7 37. Qc8 1/2-1/2

[Event "Gothenburg Kvibergspelen"]
[Site "Gothenburg"]
[Date "2018.04.20"]
[Round "2"]
[White "Pantzar, Milton"]
[Black "Troberg Eskola, Love"]
[Result "1-0"]
[WhiteElo "2295"]
[BlackElo "2045"]
[PlyCount "49"]
[EventDate "2018.04.20"]
[EventType "swiss"]
[EventRounds "8"]
[EventCountry "SWE"]
[SourceTitle "CBM 184 Extra"]
[Source "ChessBase"]
[SourceDate "2018.06.28"]
[SourceVersion "1"]
[SourceVersionDate "2018.06.28"]
[SourceQuality "1"]

1. e3 g6 2. f4 Bg7 3. Nf3 c5 4. Be2 Nc6 5. 0-0 Nf6 6. d3 d5 7. Qe1 0-0 8. Nc3 d4 9. Nd1 dxe3 10. Nxe3 Nd5 11. Nc4 b5 12. Nce5 Bb7 13. Nxc6 Bxc6 14. Ne5 Bb7 15. Bf3 Qc7 16. Bd2 Nb6 17. Bxb7 Qxb7 18. Rb1 Qd5 19. Nf3 e6 20. Bc3 Bxc3 21. bxc3 Qxa2 22. Qf2 a6 23. Ng5 h6 24. Ne4 Na4 25. Ra1 1-0

[Event "Gothenburg op"]
[Site "Gothenburg"]
[Date "2017.08.18"]
[Round "2"]
[White "Gritsak, Orest"]
[Black "Troberg Eskola, Love"]
[Result "1-0"]
[WhiteElo "2474"]
[BlackElo "2016"]
[PlyCount "179"]
[EventDate "2017.08.18"]
[EventType "swiss"]
[EventRounds "8"]
[EventCountry "SWE"]
[SourceTitle "CBM 180 Extra"]
[Source "ChessBase"]
[SourceDate "2017.10.06"]
[SourceVersion "1"]
[SourceVersionDate "2017.10.06"]
[SourceQuality "1"]

1. Nf3 f5 2. b3 d6 3. d4 g6 4. Bb2 Bg7 5. g3 Nf6 6. Bg2 0-0 7. Nbd2 Nfd7 8. e4 e5 9. dxe5 Nxe5 10. Nxe5 dxe5 11. Nc4 Qe8 12. exf5 gxf5 13. 0-0 Nc6 14. Re1 e4 15. Bxg7 Kxg7 16. Qd2 Qg6 17. Qf4 Rf7 18. Rad1 Be6 19. Ne5 Nxe5 20. Qxe5+ Qf6 21. Qxf6+ Kxf6 22. f3 exf3 23. Bxf3 c6 24. Rd6 Re7 25. Kf2 a5 26. c4 a4 27. b4 a3 28. b5 cxb5 29. cxb5 Kf7 30. Bh5+ Kf6 31. Rb6 Rd8 32. Re2 Rd5 33. Bf3 Re5 34. Rd2 Kf7 35. Bxb7 Bc4 36. Bf3 Bxb5 37. Rb8 Bc4 38. Ra8 Re3 39. Ra4 Bb5 40. Ra5 Rd3 41. Rxd3 Bxd3 42. Rxa3 Bb1 43. Bd5+ Kf6 44. Ra6+ Ke5 45. Ra5 Kd4 46. Bb3 Kc3 47. Rc5+ Kb2 48. Rb5 Kc3 49. Rd5 Bd3 50. h4 Re2+ 51. Kf3 Re7 52. Rd6 Be4+ 53. Kf4 Rg7 54. Bd1 Kb4 55. Bf3 Bb1 56. Rb6+ Ka3 57. Rxb1 Kxa2 58. Rb5 Ka3 59. Rxf5 Kb4 60. Be4 Kc4 61. Rh5 Rf7+ 62. Bf5 Kd4 63. Rxh7 Rf8 64. Rd7+ Kc5 65. Rd1 Rg8 66. g4 Rh8 67. h5 Kc6 68. Rd2 Kc7 69. Kg5 Rg8+ 70. Bg6 Rf8 71. h6 Ra8 72. h7 Ra5+ 73. Bf5 Ra8 74. Kf6 Kb6 75. Rd7 Rf8+ 76. Kg7 Ra8 77. h8Q Rxh8 78. Kxh8 Kc6 79. Kg7 Kc5 80. Kf6 Kc4 81. Ke5 Kc5 82. Rc7+ Kb6 83. Kd6 Kb5 84. g5 Kb4 85. g6 Kb3 86. g7 Kb4 87. g8R Kb5 88. Rb8+ Ka6 89. Bd3+ Ka5 90. Ra7# 1-0

[Event "SWE-chT U16 final"]
[Site "Lund"]
[Date "2016.08.13"]
[Round "3.3"]
[White "Troberg Eskola, Love"]
[Black "Rosager, Sixten"]
[Result "1-0"]
[WhiteElo "1881"]
[BlackElo "1556"]
[PlyCount "153"]
[EventDate "2016.08.12"]
[EventType "team-tourn"]
[EventRounds "5"]
[EventCountry "SWE"]
[SourceTitle "EXT 2019"]
[Source "ChessBase"]
[SourceDate "2018.10.10"]
[SourceVersion "1"]
[SourceVersionDate "2018.10.10"]
[SourceQuality "1"]
[WhiteTeam "Orgryte"]
[BlackTeam "Lund"]
[WhiteTeamCountry "SWE"]
[BlackTeamCountry "SWE"]

1. e4 d6 2. d4 Nf6 3. Nc3 e5 4. dxe5 dxe5 5. Qxd8+ Kxd8 6. Nf3 Nc6 7. Ng5 Ke8 8. Bc4 Nd8 9. Be3 h6 10. Nf3 Bb4 11. Bd2 Nc6 12. Nb5 Bd6 13. Bd3 Ke7 14. Nxd6 Kxd6 15. Rd1 Be6 16. Bb5 Kc5 17. Be2 Rhd8 18. b4+ Kd6 19. b5 Nd4 20. Bb4+ c5 21. Nxd4 exd4 22. Rxd4+ Ke5 23. Rxd8 Rxd8 24. Bxc5 b6 25. Be7 Rc8 26. Bxf6+ Kxf6 27. Kd2 Bxa2 28. Ra1 Bc4 29. Bd3 Rc5 30. Rxa7 Bxb5 31. Rb7 Bxd3 32. Rxb6+ Ke5 33. cxd3 Ra5 34. Rb7 Kf6 35. Ke3 Ra2 36. Rb6+ Ke7 37. Rb3 f5 38. Rb6 fxe4 39. dxe4 Ra3+ 40. Kf4 Ra2 41. Kg3 Kf7 42. Rb3 Ra4 43. Re3 g5 44. h4 Kf6 45. hxg5+ hxg5 46. Kg4 Ra2 47. Rf3+ Ke5 48. Kxg5 Kxe4 49. Kg4 Ra8 50. Re3+ Kd4 51. g3 Rf8 52. Rf3 Rg8+ 53. Kh3 Ke4 54. Rf4+ Kd3 55. g4 Ke2 56. Kg2 Rg5 57. Re4+ Kd3 58. f3 Rg6 59. Re8 Kd4 60. Kg3 Kd5 61. f4 Re6 62. Rxe6 Kxe6 63. f5+ Ke5 64. Kf3 Kf6 65. Kf4 Kf7 66. g5 Kg7 67. f6+ Kg6 68. Ke5 Kf7 69. g6+ Ke8 70. Ke6 Kf8 71. f7 Kg7 72. Ke7 Kxg6 73. f8Q Kh7 74. Qf5+ Kh6 75. Qg4 Kh7 76. Kf7 Kh8 77. Qg8# 1-0